Normal view
MARC view
- Foley Ryan
Entry Personal Name
001 - CONTROL NUMBER
- control field: 6779
003 - CONTROL NUMBER IDENTIFIER
- control field: OSt
005 - DATE AND TIME OF LATEST TRANSACTION
- control field: 20180707141555.0
008 - FIXED-LENGTH DATA ELEMENTS
- fixed length control field: 180707|| aca||aabn | a|a d
040 ## - CATALOGING SOURCE
- Original cataloging agency: OSt
- Transcribing agency: OSt
100 ## - HEADING--PERSONAL NAME
- Personal name: Foley Ryan
670 ## - SOURCE DATA FOUND
- Source citation: Work cat.: (OSt): Foley Ryan, Legend Heracles, 2016